[Event "Pinneberg-ch 37th"]
[Site "Pinneberg"]
[Date "2019.08.15"]
[Round "2"]
[White "Priedemann, Michael"]
[Black "Klein, Franz"]
[Result "1-0"]
[WhiteElo "1815"]
[BlackElo "1639"]
[PlyCount "55"]
[EventDate "2019.08.08"]
[EventType "swiss"]
[EventRounds "7"]
[EventCountry "GER"]
[SourceTitle "CBM 192 Extra"]
[Source "Chessbase"]
[SourceDate "2019.11.06"]
[SourceVersion "1"]
[SourceVersionDate "2019.11.06"]
[SourceQuality "1"]

1. d4 Nf6 2. Nc3 d5 3. e4 Nxe4 4. Nxe4 dxe4 5. f3 exf3 6. Nxf3 Bg4 7. Bd3 e6 8. Be3 g6 9. 0-0 Bg7 10. c3 Nd7 11. Qe1 Bxf3 12. Rxf3 0-0 13. Bf4 a6 14. Qg3 Rc8 15. Bg5 Bf6 16. Bxf6 Nxf6 17. Qg5 Kg7 18. Raf1 Nh5 19. Qe5+ Kg8 20. g4 Ng7 21. Qf4 Qh4 22. h3 f5 23. Bc4 Rfe8 24. Qe5 Qg5 25. Kh1 Qe7 26. gxf5 Nxf5 27. Rxf5 Qg7 28. Bxe6+ 1-0

[Event "SVE Seniors op 2nd"]
[Site "Eidelstedt"]
[Date "2019.07.31"]
[Round "6"]
[White "Priedemann, Michael"]
[Black "Zippert, Georg"]
[Result "0-1"]
[WhiteElo "1815"]
[BlackElo "1847"]
[PlyCount "120"]
[EventDate "2019.07.15"]
[EventType "swiss"]
[EventRounds "7"]
[EventCountry "GER"]
[SourceTitle "EXT 2020"]
[Source "ChessBase"]
[SourceDate "2019.10.17"]
[SourceVersion "1"]
[SourceVersionDate "2019.10.17"]
[SourceQuality "1"]

1. d4 Nf6 2. Nc3 d5 3. e4 e6 4. Be3 dxe4 5. f3 Bb4 6. Bc4 Nd5 7. Qd2 0-0 8. fxe4 Nxe3 9. Qxe3 Nc6 10. Nf3 Qe7 11. 0-0 Na5 12. Bd3 c5 13. e5 cxd4 14. Qe4 g6 15. Ne2 Nc6 16. Ng3 f5 17. exf6 Rxf6 18. Nh4 Bd7 19. Rxf6 Qxf6 20. Nf3 Rf8 21. Rf1 Qf4 22. Qxf4 Rxf4 23. Ne4 Be7 24. Rd1 Nb4 25. Nf2 Nc6 26. a3 Kg7 27. Ne4 e5 28. c3 Bg4 29. Rf1 Bxf3 30. gxf3 Rf8 31. Bb5 a6 32. Be2 Rd8 33. Rd1 dxc3 34. Nxc3 Nd4 35. Rd2 Nxf3+ 36. Bxf3 Rxd2 37. Bxb7 Rxb2 38. Bxa6 Rb3 39. Nd5 Bc5+ 40. Kg2 Rxa3 41. Bc4 g5 42. Nc7 Kf6 43. Ne8+ Kg6 44. Nc7 Rc3 45. Bf1 e4 46. Ne6 Rc2+ 47. Kh3 Bd6 48. Bg2 Rc3+ 49. Bf3 Rxf3+ 50. Kg2 g4 51. Nd4 Bc5 52. Ne6 Bb6 53. h4 e3 54. Ng5 Rf2+ 55. Kg3 e2 56. Kxg4 e1Q 57. h5+ Kh6 58. Nh3 Qe4+ 59. Kg3 Qg2+ 60. Kh4 Bd8+ 0-1